000 01047nas a2200301 4500
001 BR2013005145
003 BR-BrBNA
005 20231205122604.0
007 ta
008 230509b bl.|||p| |||| 00| 00por d
040 _aBR-BrBNA
_bpor
_cBiblioteca Nacional de Agricultura
041 _a(En)
072 _aL10; L52
100 1 _aXianglan zeng
100 1 _aHaihui Ye
100 1 _aYa'nan Yang
100 1 _aguizhong wang
100 1 _aHuiyang Huang
245 1 _aMolecular cloning and functional analysis of the fatty acid-binding protein (Sp-FABP)gene in the mud crab (Scylla paramamosain)
246 1 _aMolecular cloning and functional analysis of the fatty acid-binding protein (Sp-FABP)gene in the mud crab (Scylla paramamosain)
650 _aCLONAGEM
650 _aCARANGUEJO
650 _aGENE
650 _aMETABOLISMO PROTÉICO
773 0 _tGenetics and Molecular Biology (Brazil)
_xISSN 1415-4757
_g(Mar 2013), v. 36(1) p. 140-147
_wBR2013005145
909 _a202311
_bLúcia
_c55
_dLúcia Elande
942 _2AGRIS
_n0
_cANA
999 _c229441
_d229441